<?xml version="1.0" encoding="UTF-8"?>
<record
    xmlns:xsi="http://www.w3.org/2001/XMLSchema-instance"
    xsi:schemaLocation="http://www.loc.gov/MARC21/slim http://www.loc.gov/standards/marcxml/schema/MARC21slim.xsd"
    xmlns="http://www.loc.gov/MARC21/slim">

  <leader>01949nam a22002417a 4500</leader>
  <controlfield tag="005">20220211091349.0</controlfield>
  <controlfield tag="008">220203b           ||||| |||| 00| 0 eng d</controlfield>
  <datafield tag="020" ind1=" " ind2=" ">
    <subfield code="a"> 978-8184304206</subfield>
  </datafield>
  <datafield tag="040" ind1=" " ind2=" ">
    <subfield code="c">AL</subfield>
  </datafield>
  <datafield tag="041" ind1=" " ind2=" ">
    <subfield code="a">eng</subfield>
  </datafield>
  <datafield tag="082" ind1=" " ind2=" ">
    <subfield code="2">23</subfield>
    <subfield code="a">954.051</subfield>
    <subfield code="b">ADVP</subfield>
  </datafield>
  <datafield tag="100" ind1=" " ind2=" ">
    <subfield code="a">L K Advani</subfield>
    <subfield code="9">19086</subfield>
  </datafield>
  <datafield tag="245" ind1=" " ind2=" ">
    <subfield code="a">Prisoner's Scrap Book</subfield>
  </datafield>
  <datafield tag="260" ind1=" " ind2=" ">
    <subfield code="a">New Delhi</subfield>
    <subfield code="b">Ocean Books Pvt Ltd</subfield>
    <subfield code="c">2002</subfield>
  </datafield>
  <datafield tag="300" ind1=" " ind2=" ">
    <subfield code="a">viii,271p.</subfield>
    <subfield code="b">HB</subfield>
    <subfield code="c">24x19 cm.</subfield>
  </datafield>
  <datafield tag="365" ind1=" " ind2=" ">
    <subfield code="b">400.00</subfield>
    <subfield code="c">&#x20B9;</subfield>
    <subfield code="d">400.00</subfield>
  </datafield>
  <datafield tag="520" ind1=" " ind2=" ">
    <subfield code="a">A prisoner scrap-book is a fascinating account of the unfolding of events of the emergency (1975-77) as seen from a prison house. Written in a simple and straightforward style embellished with anecdotes, this is not just one more prison diary. Nor does it attempt to theorize. In words that speak from the heart, the authority the President of a major Indian political party and how the country. Home minister&#x2014;has recorded his thoughts and the events that took place on a day-to-day basis during his nineteen-month sojourn in the country fails. In his foreword to the book, former prime minister Shri Morarji Desai writes, &#x201C;The Diary reveals a person of singular honesty and dedication, culture and equanimity. It depicts the burning faith with which he withstood the consequences of governmental trickery and his passion, as an editor for the freedom of the press and the mass-media.&#x201D; The book also includes a collection of pro-democracy literature written by the author under a pseudonym and circulated in the underground conduits. The authors uncompromising commitment to democratic norms and values is reflected here, as well as his abiding faith in an open society and the Unfettered right of the people to pursue its ideals. A book which deserves to be read by all who value such ideals.</subfield>
  </datafield>
  <datafield tag="650" ind1=" " ind2=" ">
    <subfield code="a">Political Prisoners</subfield>
    <subfield code="9">16290</subfield>
  </datafield>
  <datafield tag="650" ind1=" " ind2=" ">
    <subfield code="a">Politiicians</subfield>
    <subfield code="9">16291</subfield>
  </datafield>
  <datafield tag="650" ind1=" " ind2=" ">
    <subfield code="a">Politics and Government</subfield>
    <subfield code="9">16292</subfield>
  </datafield>
  <datafield tag="700" ind1=" " ind2=" ">
    <subfield code="a">ADVANI (L K)</subfield>
    <subfield code="9">16293</subfield>
  </datafield>
  <datafield tag="942" ind1=" " ind2=" ">
    <subfield code="2">ddc</subfield>
    <subfield code="c">GF</subfield>
  </datafield>
  <datafield tag="999" ind1=" " ind2=" ">
    <subfield code="c">221411</subfield>
    <subfield code="d">221411</subfield>
  </datafield>
  <datafield tag="952" ind1=" " ind2=" ">
    <subfield code="0">0</subfield>
    <subfield code="1">0</subfield>
    <subfield code="2">ddc</subfield>
    <subfield code="4">0</subfield>
    <subfield code="7">0</subfield>
    <subfield code="8">PS</subfield>
    <subfield code="a">AL</subfield>
    <subfield code="b">AL</subfield>
    <subfield code="d">2013-03-24</subfield>
    <subfield code="l">0</subfield>
    <subfield code="o">954.051 ADVP</subfield>
    <subfield code="p">GF02192</subfield>
    <subfield code="r">2022-02-03 00:00:00</subfield>
    <subfield code="w">2022-02-03</subfield>
    <subfield code="y">GF</subfield>
  </datafield>
</record>
